Villes de Normandie - Click Quiz - Statistiques

Statistiques générales
  • Ce quiz a été pris 251 fois
  • Le résultat moyen est 14 sur 20
Statistiques - réponses
Hint Réponse % Correct
Caen Calvados
89%
Le Havre Seine-Maritime
89%
Alençon Orne
87%
Saint-Lô Manche
84%
Evreux Eure
83%
Cherbourg-en-Cotentin Manche
82%
Le Mont-Saint-Michel Manche
82%
Rouen Seine-Maritime
81%
Ouistreham Calvados
76%
Avranches Manche
75%
Vernon Eure
70%
Fécamp Seine-Maritime
67%
Honfleur Calvados
64%
Argentan Orne
64%
Bernay Eure
61%
Yvetot Seine-Maritime
61%
Flers Orne
60%
Gisors Eure
57%
Falaise Calvados
56%
Harfleur Seine-Maritime
52%
Aucun quiz correspondant
Distribution des résultats
% des personnes avec chaque résultat
Percentile par nombre de réponses
Votre historique - résultats
Vous n’avez pas pris ce quiz